[Event "ESP chT Honor Division 2019"]
[Site "Melilla"]
[Date "2019.10.02"]
[Round "3.10"]
[White "Franco Alonso, Alejandro"]
[Black "Llorente Zaro, Alfonso"]
[Result "1-0"]
[WhiteElo "2384"]
[BlackElo "2447"]
[Annotator "NA"]
[PlyCount "129"]
[EventDate "2019.09.30"]
[EventType "team-tourn"]
[EventCountry "ESP"]
[SourceTitle "playchess.com"]
[Source "ChessBase"]
[SourceQuality "1"]
[TimeControl "40/5400+30:1800+30"]

1. Nf3 {[%emt 0:00:00]} Nf6 2. c4 {[%emt 0:00:00]} e6 {[%emt 0:00:00]} 3. g3 {[%emt 0:00:00]} b6 {[%emt 0:01:05]} 4. Bg2 {[%emt 0:00:13]} Bb7 {[%emt 0:00:01]} 5. O-O {[%emt 0:05:51]} Be7 {[%emt 0:00:57]} 6. d4 {[%emt 0:00:45]} O-O {[%emt 0:20:12]} 7. Bf4 {[%emt 0:12:34]} d5 {[%emt 0:01:57]} 8. Ne5 {[%emt 0:00:45]} Nbd7 {[%emt 0:03:57]} 9. Nc3 {[%emt 0:20:24]} c6 {[%emt 0:14:46]} 10. Re1 {[%emt 0:05:43]} Nh5 {[%emt 0:01:35]} 11. Bd2 {[%emt 0:01:40]} Nhf6 12. Bf4 {[%emt 0:00:12]} Nh5 {[%emt 0:00:47]} 13. Bd2 {[%emt 0:00:21]} Nhf6 14. e4 {[%emt 0:01:08]} dxc4 {[%emt 0:09:27]} 15. Nxc4 {[%emt 0:00:39]} b5 {[%emt 0:10:56]} 16. Ne3 Qb6 17. e5 {[%emt 0:13:28]} Nd5 {[%emt 0:01:13]} 18. Qg4 {[%emt 0:10:05]} Nxc3 {[%emt 0:04:55]} 19. bxc3 {[%emt 0:00:12]} Kh8 20. a4 {[%emt 0:03:45]} a6 {[%emt 0:13:08]} 21. Rab1 {[%emt 0:07:24]} c5 {[%emt 0:02:36]} 22. Nd5 {[%emt 0:06:21]} Qc6 {[%emt 0:07:43]} 23. Nf4 {[%emt 0:01:59]} Qc7 {[%emt 0:00:11]} 24. axb5 Bxg2 {[%emt 0:00:56]} 25. Nxg2 {[%emt 0:01:50]} Nb6 {[%emt 0:00:45]} 26. bxa6 {[%emt 0:02:25]} Rxa6 {[%emt 0:01:13]} 27. Nf4 Nc4 {[%emt 0:00:15]} 28. Nh5 {[%emt 0:00:58]} Rg8 29. Bg5 {[%emt 0:00:31]} Bxg5 {[%emt 0:03:34]} 30. Qxg5 {[%emt 0:00:41]} h6 {[%emt 0:01:54]} 31. Qg4 {[%emt 0:02:21]} Rb6 {[%emt 0:00:11]} 32. Rxb6 {[%emt 0:00:58]} Nxb6 33. Rb1 Nd5 {[%emt 0:00:45]} 34. Qf3 {[%emt 0:01:13]} cxd4 {[%emt 0:00:35]} 35. cxd4 {[%emt 0:00:04]} Rd8 {[%emt 0:00:46]} 36. Qg4 {[%emt 0:01:10]} g6 {[%emt 0:00:33]} 37. Nf4 {[%emt 0:01:47]} Qc2 {[%emt 0:00:55]} 38. Rf1 Kh7 {[%emt 0:00:01]} 39. Nxd5 {[%emt 0:01:08]} Rxd5 {[%emt 0:00:30]} 40. Qf4 Qf5 41. Qxf5 {[%emt 0:03:12]} gxf5 {[%emt 0:00:56]} 42. Rd1 {[%emt 0:00:08]} Kg6 {[%emt 0:11:00]} 43. f4 {[%emt 0:06:27]} f6 {[%emt 0:00:11]} 44. Kf2 {[%emt 0:00:08]} fxe5 45. fxe5 Ra5 {[%emt 0:00:46]} 46. Rc1 {[%emt 0:03:41]} Ra2+ {[%emt 0:01:00]} 47. Ke3 {[%emt 0:00:37]} Rxh2 {[%emt 0:00:06]} 48. Rc6 Kf7 {[%emt 0:00:22]} 49. Rc7+ {[%emt 0:00:48]} Kf8 {[%emt 0:10:08]} 50. d5 {[%emt 0:06:04]} exd5 {[%emt 0:09:14]} 51. e6 Rg2 {[%emt 0:00:14]} 52. Kf4 {[%emt 0:02:10]} d4 {[%emt 0:00:34]} 53. Ke5 {[%emt 0:00:44]} Rxg3 {[%emt 0:00:05]} 54. Kf6 Rc3 {[%emt 0:00:06]} 55. Rh7 {[%emt 0:04:56]} Kg8 {[%emt 0:00:04]} 56. Rg7+ {[%emt 0:00:34]} Kh8 {[%emt 0:02:18]} 57. Rd7 f4 {[%emt 0:00:05]} 58. e7 {[%emt 0:03:00]} Re3 {[%emt 0:00:04]} 59. Rd8+ {[%emt 0:02:20]} Kh7 {[%emt 0:00:06]} 60. e8=Q {[%emt 0:00:30]} Rxe8 {[%emt 0:00:30]} 61. Rxe8 f3 62. Re7+ {[%emt 0:00:24]} Kg8 {[%emt 0:00:09]} 63. Kg6 {[%emt 0:00:08]} Kf8 {[%emt 0:00:10]} 64. Rf7+ {[%emt 0:00:00]} Ke8 65. Rxf3 1-0

[Event "ESP chT Honor Division 2019"]
[Site "Melilla"]
[Date "2019.10.02"]
[Round "3.11"]
[White "Gines Esteo, Pedro Antonio"]
[Black "Gonzalez De La Torre, Santiago"]
[Result "1-0"]
[WhiteElo "2451"]
[BlackElo "2423"]
[Annotator "ChessBase"]
[PlyCount "73"]
[EventDate "2019.09.30"]
[EventType "team-tourn"]
[EventCountry "ESP"]
[SourceTitle "playchess.com"]
[Source "ChessBase"]
[SourceQuality "1"]
[TimeControl "40/5400+30:1800+30"]

1. Nf3 {[%emt 0:00:00]} d5 {[%emt 0:01:12]} 2. g3 {[%emt 0:00:00]} Nf6 {[%emt 0:00:05]} 3. Bg2 {[%emt 0:00:13]} e6 {[%emt 0:00:30]} 4. O-O {[%emt 0:00:21]} c5 {[%emt 0:02:21]} 5. d4 {[%emt 0:00:16]} Nc6 {[%emt 0:00:35]} 6. c4 {[%emt 0:00:08]} dxc4 {[%emt 0:00:08]} 7. Qa4 {[%emt 0:00:15]} Bd7 {[%emt 0:01:35]} 8. Qxc4 {[%emt 0:00:23]} b5 {[%emt 0:00:07]} 9. Qd3 {[%emt 0:06:43]} Rc8 {[%emt 0:00:45]} 10. dxc5 {[%emt 0:08:24]} Bxc5 {[%emt 0:01:26]} 11. Bg5 {[%emt 0:06:21]} Nb4 {[%emt 0:02:49]} 12. Qb3 Nc2 13. Nc3 {[%emt 0:00:38]} Nxa1 {[%emt 0:00:40]} 14. Rxa1 {[%emt 0:06:47]} h6 {[%emt 0:12:07]} 15. Bxf6 {[%emt 0:00:30]} Qxf6 {[%emt 0:00:30]} 16. Ne4 {[%emt 0:01:37]} Qe7 {[%emt 0:04:33]} 17. Ne5 {[%emt 0:05:18]} O-O {[%emt 0:09:38]} 18. Rd1 {[%emt 0:00:30]} Be8 {[%emt 0:12:32]} 19. Bf3 {[%emt 0:20:24]} Bb6 {[%emt 0:05:00]} 20. Kg2 {[%emt 0:00:30]} Rd8 {[%emt 0:00:30]} 21. Rc1 {[%emt 0:08:23]} Bd7 {[%emt 0:08:02]} 22. Qd3 {[%emt 0:03:02]} b4 {[%emt 0:03:55]} 23. b3 {[%emt 0:07:15]} Be8 24. Qc4 {[%emt 0:00:02]} Rd4 {[%emt 0:11:25]} 25. Qc2 {[%emt 0:04:11]} Bb5 {[%emt 0:06:07]} 26. Nd2 {[%emt 0:00:54]} Qg5 {[%emt 0:00:19]} 27. Ndc4 {[%emt 0:06:53]} Rc8 {[%emt 0:02:36]} 28. h4 {[%emt 0:02:14]} Qe7 29. e3 {[%emt 0:00:01]} Rdd8 {[%emt 0:01:10]} 30. Qe4 {[%emt 0:07:45]} Rd2 {[%emt 0:08:53]} 31. Qb1 {[%emt 0:00:30]} Rdd8 {[%emt 0:01:59]} 32. Qe4 {[%emt 0:00:00]} f6 33. Ng6 {[%emt 0:01:36]} Qe8 {[%emt 0:01:42]} 34. Nd6 {[%emt 0:00:06]} Rxc1 {[%emt 0:01:56]} 35. Nxe8 {[%emt 0:00:30]} Rxe8 {[%emt 0:01:28]} 36. Nf4 {[%emt 0:03:19]} e5 37. Qd5+ {[%emt 0:00:30]} 1-0

[Event "ESP chT Honor Division 2019"]
[Site "Melilla"]
[Date "2019.10.02"]
[Round "3.12"]
[White "Argandona Riveiro, Inigo"]
[Black "Osmak, Iulija"]
[Result "1-0"]
[WhiteElo "2413"]
[BlackElo "2409"]
[Annotator "NA"]
[PlyCount "101"]
[EventDate "2019.09.30"]
[EventType "team-tourn"]
[EventCountry "ESP"]
[SourceTitle "playchess.com"]
[Source "ChessBase"]
[SourceQuality "1"]
[TimeControl "40/5400+30:1800+30"]

1. e4 {[%emt 0:00:00]} e6 {[%emt 0:00:00]} 2. d3 {[%emt 0:00:00]} d5 {[%emt 0:00:00]} 3. Nd2 {[%emt 0:00:00]} Nf6 {[%emt 0:00:26]} 4. Ngf3 {[%emt 0:00:00]} g6 {[%emt 0:05:41]} 5. g3 {[%emt 0:00:00]} Bg7 {[%emt 0:00:03]} 6. Bg2 {[%emt 0:00:00]} O-O {[%emt 0:00:06]} 7. O-O {[%emt 0:00:00]} c5 {[%emt 0:00:04]} 8. Re1 {[%emt 0:00:00]} Nc6 {[%emt 0:00:17]} 9. c3 {[%emt 0:00:00]} a5 {[%emt 0:00:10]} 10. a4 {[%emt 0:00:00]} b6 {[%emt 0:00:17]} 11. Nb1 {[%emt 0:00:00]} Ra7 {[%emt 0:05:21]} 12. e5 {[%emt 0:06:47]} Nd7 {[%emt 0:01:47]} 13. Bf4 {[%emt 0:00:21]} h6 {[%emt 0:10:41]} 14. h4 {[%emt 0:01:35]} f6 {[%emt 0:00:14]} 15. exf6 {[%emt 0:07:03]} Qxf6 {[%emt 0:01:37]} 16. Qd2 {[%emt 0:00:37]} Kh7 {[%emt 0:00:26]} 17. Bd6 {[%emt 0:11:14]} Re8 {[%emt 0:08:58]} 18. Na3 {[%emt 0:00:13]} Ba6 {[%emt 0:04:42]} 19. Nb5 {[%emt 0:00:03]} Bxb5 {[%emt 0:16:04]} 20. axb5 {[%emt 0:00:04]} Nd8 {[%emt 0:00:08]} 21. Be5 {[%emt 0:17:14]} Nxe5 {[%emt 0:01:37]} 22. Nxe5 {[%emt 0:00:02]} Qf8 {[%emt 0:10:08]} 23. h5 {[%emt 0:14:21]} gxh5 {[%emt 0:05:54]} 24. Ra4 {[%emt 0:02:19]} Bf6 {[%emt 0:05:09]} 25. Rf4 {[%emt 0:05:46]} Qg7 {[%emt 0:00:20]} 26. Qe2 {[%emt 0:00:21]} Bxe5 {[%emt 0:04:29]} 27. Qxe5 {[%emt 0:00:08]} Qxe5 {[%emt 0:00:45]} 28. Rxe5 {[%emt 0:00:02]} Nf7 {[%emt 0:01:26]} 29. Re1 {[%emt 0:20:30]} Rae7 {[%emt 0:04:26]} 30. Bxd5 {[%emt 0:02:20]} exd5 {[%emt 0:03:37]} 31. Rxf7+ {[%emt 0:00:05]} Rxf7 {[%emt 0:00:02]} 32. Rxe8 {[%emt 0:00:06]} Rf3 {[%emt 0:00:54]} 33. Re3 {[%emt 0:00:13]} Rf5 {[%emt 0:07:38]} 34. Re6 {[%emt 0:04:10]} Rf3 {[%emt 0:00:17]} 35. Rxb6 {[%emt 0:01:26]} Rxd3 {[%emt 0:00:02]} 36. Rc6 {[%emt 0:01:03]} Rd2 {[%emt 0:01:39]} 37. Rxc5 {[%emt 0:02:38]} d4 {[%emt 0:01:40]} 38. b6 {[%emt 0:04:55]} dxc3 {[%emt 0:01:18]} 39. bxc3 {[%emt 0:00:10]} Rb2 {[%emt 0:00:03]} 40. Rxh5 {[%emt 0:02:03]} Rxb6 {[%emt 0:00:49]} 41. Rxa5 {[%emt 0:30:13]} Rc6 {[%emt 0:30:21]} 42. Ra3 {[%emt 0:00:03]} Kg6 {[%emt 0:00:24]} 43. Kf1 {[%emt 0:00:26]} Kf5 {[%emt 0:00:30]} 44. Ke2 {[%emt 0:00:21]} Re6+ {[%emt 0:00:59]} 45. Kd3 {[%emt 0:01:34]} Rd6+ {[%emt 0:00:11]} 46. Kc2 {[%emt 0:01:20]} Re6 {[%emt 0:00:17]} 47. Ra5+ {[%emt 0:00:00]} Kg6 {[%emt 0:00:00]} 48. Ra2 {[%emt 0:00:00]} Kf5 {[%emt 0:00:00]} 49. c4 {[%emt 0:00:00]} Ke4 {[%emt 0:00:00]} 50. Kc3 {[%emt 0:00:00]} Rf6 {[%emt 0:00:00]} 51. Rd2 {[%emt 0:00:00] Kd5} 1-0

[Event "ESP chT Honor Division 2019"]
[Site "Melilla"]
[Date "2019.10.02"]
[Round "3.14"]
[White "Ganguly, Surya Shekhar"]
[Black "Ponomariov, Ruslan"]
[Result "1/2-1/2"]
[WhiteElo "2658"]
[BlackElo "2675"]
[Annotator "ChessBase"]
[PlyCount "61"]
[EventDate "2019.09.30"]
[EventType "team-tourn"]
[EventCountry "ESP"]
[SourceTitle "playchess.com"]
[Source "ChessBase"]
[SourceQuality "1"]
[TimeControl "40/5400+30:1800+30"]

1. e4 {[%emt 0:00:00]} c6 {[%emt 0:00:00]} 2. d4 {[%emt 0:00:00]} d5 {[%emt 0:00:03]} 3. exd5 {[%emt 0:00:05]} cxd5 {[%emt 0:00:04]} 4. Bd3 {[%emt 0:00:09]} Nc6 {[%emt 0:00:54]} 5. c3 {[%emt 0:00:08]} Qc7 {[%emt 0:02:28]} 6. h3 {[%emt 0:00:44]} Nf6 {[%emt 0:08:38]} 7. Nf3 {[%emt 0:00:18]} g6 {[%emt 0:01:55]} 8. Qc2 {[%emt 0:00:50]} Bg7 {[%emt 0:03:20]} 9. O-O {[%emt 0:00:11]} O-O {[%emt 0:01:23]} 10. Re1 {[%emt 0:00:27]} Nh5 {[%emt 0:08:04]} 11. Be3 {[%emt 0:12:57]} Bd7 {[%emt 0:05:50]} 12. Na3 {[%emt 0:05:10]} a6 {[%emt 0:04:41]} 13. Qd2 {[%emt 0:02:14]} Rfe8 {[%emt 0:03:14]} 14. g4 {[%emt 0:06:05]} Nf6 {[%emt 0:00:43]} 15. Bf4 {[%emt 0:00:10]} Qb6 {[%emt 0:01:47]} 16. Ne5 {[%emt 0:01:27]} Rad8 {[%emt 0:00:41]} 17. f3 {[%emt 0:08:50]} Bc8 {[%emt 0:04:16]} 18. Qh2 {[%emt 0:05:23]} Be6 {[%emt 0:06:13]} 19. Re2 {[%emt 0:09:44]} Rc8 {[%emt 0:00:45]} 20. Be3 {[%emt 0:09:23]} Nd7 {[%emt 0:07:36]} 21. f4 {[%emt 0:01:12]} Ndxe5 {[%emt 0:02:41]} 22. fxe5 {[%emt 0:00:44]} f6 {[%emt 0:00:11]} 23. exf6 {[%emt 0:00:23]} exf6 {[%emt 0:00:04]} 24. Rae1 {[%emt 0:01:22]} Bf7 {[%emt 0:00:25]} 25. Kh1 {[%emt 0:08:08]} Re7 {[%emt 0:04:30]} 26. Bc1 {[%emt 0:02:56]} Rxe2 {[%emt 0:04:34]} 27. Rxe2 {[%emt 0:00:31]} Na5 {[%emt 0:01:24]} 28. Qg2 {[%emt 0:07:29]} Qd8 {[%emt 0:06:00]} 29. Re1 {[%emt 0:02:16]} Qd7 {[%emt 0:00:42]} 30. Bf4 {[%emt 0:01:30]} Bf8 {[%emt 0:02:15]} 31. Nc2 {[%emt 0:00:41]} 1/2-1/2

[Event "ESP chT Honor Division 2019"]
[Site "Melilla"]
[Date "2019.10.02"]
[Round "3.15"]
[White "Anton Guijarro, David"]
[Black "Santos Ruiz, Miguel"]
[Result "1/2-1/2"]
[WhiteElo "2674"]
[BlackElo "2560"]
[Annotator "TA"]
[PlyCount "63"]
[EventDate "2019.09.30"]
[EventType "team-tourn"]
[EventCountry "ESP"]
[SourceTitle "playchess.com"]
[Source "ChessBase"]
[SourceQuality "1"]

{[%evp 15,63,14,20,21,37,31,25,13,24,9,23,0,24,23,20,24,22,27,41,11,48,43,45,0,0,0,0,0,5,0,5,0,0,0,27,0,8,0,0,0,0,0,0,0,0,0,0,0,0,0]} 1. d4 Nf6 2. c4 e6 3. Nf3 d5 4. Nc3 Bb4 5. Bg5 dxc4 6. e4 h6 7. Bxf6 Qxf6 8. Bxc4 c5 9. O-O {D39: Queen's Gambit Declined: Ragozin Defence with 5 Bg5 dxc4} cxd4 10. e5 Qd8 11. Ne4 {White has an edge.} O-O 12. Qe2 Be7 13. Rfd1 Qc7 14. Rac1 Bd7 {[#]} 15. Bxe6 $146 {[%mdl 512]} ({Predecessor:} 15. Rxd4 Bc6 16. Nf6+ gxf6 {½-½ (40) Martirosyan,H (2635)-Sargsyan,S (2512) Jermuk 2019}) 15... Nc6 (15... Bxe6 16. Rxc7) 16. Bd5 Bg4 17. Ned2 Bg5 (17... Qa5 {looks sharper.} 18. Bc4 Bg5 19. e6 Bxe6 20. Bxe6 Bxd2 21. Rxd2 fxe6 22. Nxd4 Nxd4 23. Rxd4 Qxa2 24. Rd7 Rad8) 18. Bxc6 bxc6 19. Qe4 {[%mdl 64] [#] Double Attack} (19. Rc4 {seems wilder.} d3 20. Qe4 Bh5 21. Nxg5 hxg5 22. Re1) 19... Bxf3 20. gxf3 Bxd2 $1 21. Rxd2 Qa5 22. Rxd4 ({Don't go for} 22. Qxd4 $2 Rad8 $19) 22... Qxa2 23. Rxc6 Qxb2 24. Kg2 Rab8 25. e6 {aiming for e7.} fxe6 {The position is equal.} 26. Qxe6+ Kh8 27. Qe5 {White wants to mate with Rxh6+.} Rb6 28. Rxb6 axb6 29. f4 Qc1 30. Rd6 {Black must now prevent Rxh6+.} Qxf4 31. Qxf4 Rxf4 32. Rxb6 {Accuracy: White = 47%, Black = 62%.} 1/2-1/2

[Event "ESP chT Honor Division 2019"]
[Site "Melilla"]
[Date "2019.10.02"]
[Round "3.16"]
[White "Tejedor Fuente, Enrique"]
[Black "Mareco, Sandro"]
[Result "1/2-1/2"]
[WhiteElo "2453"]
[BlackElo "2634"]
[Annotator "ChessBase"]
[PlyCount "62"]
[EventDate "2019.09.30"]
[EventType "team-tourn"]
[EventCountry "ESP"]
[SourceTitle "playchess.com"]
[Source "ChessBase"]
[SourceQuality "1"]
[TimeControl "40/5400+30:1800+30"]

1. d4 {[%emt 0:00:00]} Nf6 {[%emt 0:00:00]} 2. Nf3 {[%emt 0:00:00]} g6 {[%emt 0:00:33]} 3. Bf4 {[%emt 0:02:03]} Bg7 {[%emt 0:00:02]} 4. e3 {[%emt 0:00:22]} d6 {[%emt 0:00:06]} 5. h3 {[%emt 0:00:04]} O-O {[%emt 0:00:06]} 6. Be2 {[%emt 0:04:06]} b6 {[%emt 0:00:12]} 7. O-O {[%emt 0:00:29]} Bb7 {[%emt 0:00:03]} 8. a4 {[%emt 0:05:13]} a5 {[%emt 0:02:34]} 9. Bh2 {[%emt 0:00:38]} Nbd7 {[%emt 0:00:43]} 10. Na3 {[%emt 0:03:41]} Ne4 {[%emt 0:00:34]} 11. c3 {[%emt 0:07:20]} e5 {[%emt 0:00:09]} 12. Bb5 {[%emt 0:08:10]} Ng5 {[%emt 0:21:33]} 13. Nxg5 {[%emt 0:05:51]} Qxg5 {[%emt 0:00:04]} 14. Qg4 {[%emt 0:00:17]} Qxg4 {[%emt 0:00:36]} 15. hxg4 {[%emt 0:00:02]} c6 {[%emt 0:01:21]} 16. Be2 {[%emt 0:00:42]} d5 {[%emt 0:00:16]} 17. Rfd1 {[%emt 0:04:56]} Rfe8 {[%emt 0:01:16]} 18. Rac1 {[%emt 0:07:23]} h6 {[%emt 0:09:06]} 19. Kf1 {[%emt 0:00:56]} Rac8 {[%emt 0:06:01]} 20. b3 {[%emt 0:19:20]} exd4 {[%emt 0:03:34]} 21. cxd4 {[%emt 0:04:16]} Nb8 {[%emt 0:00:18]} 22. Nc2 {[%emt 0:01:56]} Na6 {[%emt 0:01:18]} 23. Ne1 {[%emt 0:03:48]} Nb4 {[%emt 0:00:28]} 24. Nd3 {[%emt 0:00:10]} Bf8 {[%emt 0:02:13]} 25. Bf4 {[%emt 0:02:52]} Kg7 {[%emt 0:05:15]} 26. Kg1 {[%emt 0:04:14]} Ba6 {[%emt 0:06:08]} 27. Kf1 {[%emt 0:03:05]} Re6 {[%emt 0:06:52]} 28. Ne1 {[%emt 0:03:33]} Bxe2+ {[%emt 0:00:43]} 29. Kxe2 {[%emt 0:00:01]} Na2 {[%emt 0:04:55]} 30. Rc2 {[%emt 0:00:12]} Nb4 {[%emt 0:00:04]} 31. Rcc1 {[%emt 0:01:27]} Na2 {[%emt 0:05:15]} 1/2-1/2

[Event "ESP chT Honor Division 2019"]
[Site "Melilla"]
[Date "2019.10.02"]
[Round "3.17"]
[White "Ibarra Jerez, Jose Carlos"]
[Black "Ubilava, Elizbar"]
[Result "1-0"]
[WhiteElo "2538"]
[BlackElo "2481"]
[Annotator "ChessBase"]
[PlyCount "77"]
[EventDate "2019.09.30"]
[EventType "team-tourn"]
[EventCountry "ESP"]
[SourceTitle "playchess.com"]
[Source "ChessBase"]
[SourceQuality "1"]
[TimeControl "40/5400+30:1800+30"]

1. e4 {[%emt 0:00:00]} e5 {[%emt 0:00:00]} 2. Nf3 {[%emt 0:00:06]} Nc6 {[%emt 0:00:00]} 3. d4 {[%emt 0:00:32]} exd4 {[%emt 0:01:50]} 4. Nxd4 {[%emt 0:00:24]} g6 {[%emt 0:05:35]} 5. Nc3 {[%emt 0:01:49]} Bg7 {[%emt 0:00:15]} 6. Be3 {[%emt 0:00:40]} Nge7 {[%emt 0:01:02]} 7. Qd2 {[%emt 0:06:27]} d6 {[%emt 0:14:01]} 8. O-O-O {[%emt 0:03:40]} Be6 {[%emt 0:03:38]} 9. f4 {[%emt 0:14:38]} Qd7 {[%emt 0:02:07]} 10. g3 {[%emt 0:04:51]} O-O {[%emt 0:04:55]} 11. Bg2 {[%emt 0:12:32]} Bh3 {[%emt 0:05:06]} 12. Bxh3 {[%emt 0:11:10]} Qxh3 {[%emt 0:00:13]} 13. Rhf1 {[%emt 0:01:14]} Rfe8 {[%emt 0:08:51]} 14. Kb1 {[%emt 0:06:03]} Nc8 {[%emt 0:27:32]} 15. Ndb5 {[%emt 0:19:05]} Qd7 {[%emt 0:02:20]} 16. Nd5 {[%emt 0:00:16]} Rxe4 {[%emt 0:00:31]} 17. Nbxc7 {[%emt 0:00:07]} Rb8 {[%emt 0:00:40]} 18. f5 {[%emt 0:00:23]} N8e7 {[%emt 0:06:27]} 19. fxg6 {[%emt 0:06:22]} hxg6 {[%emt 0:01:09]} 20. Bh6 {[%emt 0:00:41]} Bh8 {[%emt 0:06:00]} 21. Bg5 {[%emt 0:01:15]} Nxd5 {[%emt 0:02:02]} 22. Nxd5 {[%emt 0:00:11]} Rd4 {[%emt 0:00:52]} 23. Qc1 {[%emt 0:00:47]} Rxd1 {[%emt 0:00:32]} 24. Qxd1 {[%emt 0:00:18]} Re8 {[%emt 0:00:25]} 25. Bf6 {[%emt 0:01:02]} Re6 {[%emt 0:00:10]} 26. Qd2 {[%emt 0:01:01]} Bg7 {[%emt 0:00:27]} 27. b3 {[%emt 0:03:32]} Ne5 {[%emt 0:00:30]} 28. h4 {[%emt 0:01:14]} Qb5 {[%emt 0:02:04]} 29. Rf4 {[%emt 0:00:19]} Qc5 {[%emt 0:01:15]} 30. Bxg7 {[%emt 0:00:47]} Kxg7 {[%emt 0:00:16]} 31. Kb2 {[%emt 0:00:25]} a6 {[%emt 0:01:06]} 32. g4 {[%emt 0:00:24]} Qc8 {[%emt 0:02:00]} 33. h5 {[%emt 0:00:33]} Qd8 {[%emt 0:00:32]} 34. hxg6 {[%emt 0:00:31]} Nxg6 {[%emt 0:00:08]} 35. Qd4+ {[%emt 0:00:27]} Ne5 {[%emt 0:00:19]} 36. Rf5 {[%emt 0:00:40]} Kg8 {[%emt 0:00:32]} 37. Nf4 {[%emt 0:00:18]} Rf6 {[%emt 0:00:29]} 38. Rg5+ {[%emt 0:01:25]} Ng6 {[%emt 0:01:07]} 39. Nh5 {[%emt 0:00:08]} 1-0

[Event "ESP chT Honor Division 2019"]
[Site "Melilla"]
[Date "2019.10.02"]
[Round "3.18"]
[White "Arabidze, Meri"]
[Black "Vega Gutierrez, Sabrina"]
[Result "1/2-1/2"]
[WhiteElo "2398"]
[BlackElo "2395"]
[Annotator "NA"]
[PlyCount "79"]
[EventDate "2019.09.30"]
[EventType "team-tourn"]
[EventCountry "ESP"]
[SourceTitle "playchess.com"]
[Source "ChessBase"]
[SourceQuality "1"]
[TimeControl "40/5400+30:1800+30"]

1. d4 {[%emt 0:00:00]} d5 {[%emt 0:00:00]} 2. c4 {[%emt 0:00:10]} e6 {[%emt 0:00:00]} 3. Nc3 {[%emt 0:00:25]} c6 {[%emt 0:00:00]} 4. e3 {[%emt 0:00:30]} Nf6 {[%emt 0:00:12]} 5. Nf3 {[%emt 0:00:38]} Nbd7 {[%emt 0:00:12]} 6. Qc2 {[%emt 0:01:10]} Bd6 {[%emt 0:00:17]} 7. Be2 {[%emt 0:00:39]} O-O {[%emt 0:01:20]} 8. O-O {[%emt 0:00:37]} dxc4 {[%emt 0:03:55]} 9. a4 {[%emt 0:00:18]} e5 {[%emt 0:00:59]} 10. Bxc4 {[%emt 0:00:42]} Qe7 {[%emt 0:01:03]} 11. h3 {[%emt 0:06:41]} e4 {[%emt 0:31:17]} 12. Ng5 {[%emt 0:13:08]} Nb6 {[%emt 0:00:10]} 13. Bb3 {[%emt 0:04:59]} Nbd5 {[%emt 0:03:16]} 14. Ncxe4 {[%emt 0:11:54]} Nxe4 {[%emt 0:00:43]} 15. Nxe4 {[%emt 0:00:06]} Nb4 {[%emt 0:01:52]} 16. Qb1 {[%emt 0:00:14]} Bf5 {[%emt 0:00:12]} 17. f3 {[%emt 0:00:16]} Rae8 {[%emt 0:07:04]} 18. Bd2 {[%emt 0:00:41]} Bxe4 {[%emt 0:06:14]} 19. fxe4 {[%emt 0:00:40]} Qxe4 {[%emt 0:00:36]} 20. Qxe4 {[%emt 0:01:38]} Rxe4 {[%emt 0:00:09]} 21. Rf5 {[%emt 0:00:57]} g6 {[%emt 0:19:41]} 22. Rf6 {[%emt 0:09:07]} Be7 {[%emt 0:00:15]} 23. Rf3 {[%emt 0:00:20]} Kg7 {[%emt 0:01:37]} 24. a5 {[%emt 0:09:59]} f5 {[%emt 0:03:52]} 25. a6 {[%emt 0:04:06]} bxa6 {[%emt 0:01:15]} 26. Bc3 {[%emt 0:10:52]} Kh6 {[%emt 0:03:51]} 27. Bc4 {[%emt 0:00:52]} Rb8 {[%emt 0:01:15]} 28. Ra4 {[%emt 0:04:17]} Rb6 {[%emt 0:03:54]} 29. Kf2 {[%emt 0:01:37]} Nd5 {[%emt 0:02:41]} 30. Bxd5 {[%emt 0:03:48]} cxd5 {[%emt 0:00:02]} 31. Ra5 {[%emt 0:06:14]} Bb4 {[%emt 0:01:40]} 32. Rxd5 {[%emt 0:00:07]} Bxc3 {[%emt 0:00:05]} 33. bxc3 {[%emt 0:00:04]} Rc6 {[%emt 0:01:57]} 34. Ra5 {[%emt 0:00:52]} Rxc3 {[%emt 0:00:29]} 35. Rxa6 {[%emt 0:00:19]} Rc2+ {[%emt 0:03:32]} 36. Kg1 {[%emt 0:01:32]} Rc1+ {[%emt 0:00:29]} 37. Kh2 {[%emt 0:00:59]} Rc3 {[%emt 0:01:28]} 38. Rxa7 {[%emt 0:00:55]} Rcxe3 {[%emt 0:00:22]} 39. Rxe3 {[%emt 0:00:35]} Rxe3 {[%emt 0:00:03]} 40. Rd7 {[%emt 0:00:20]} 1/2-1/2